| 000 | 00636nam a2200181Ia 4500 | ||
|---|---|---|---|
| 008 | 090630s9999 xx 000 0 und d | ||
| 082 | _b2516 | ||
| 100 | _aवाळिंबे मो. गा. | ||
| 245 |
_aनामदार गोखले. _cवाळिंबे मो. गा. |
||
| 260 |
_bअरगडे / कुळकर्णी. _c1969 |
||
| 300 | _a20 | ||
| 600 | _aवाळिंबे मो. गा. | ||
| 630 | _aनामदार गोखले. | ||
| 655 | _aबालवाङमय. | ||
| 700 | _aवाळिंबे मो. गा. | ||
| 730 | _aनामदार गोखले. | ||
| 942 | _cBOOK | ||
| 999 |
_c254372 _d254372 |
||